| 000 | 00396cam a22001337a 4500 | ||
|---|---|---|---|
| 008 | 180718b1969 xxu||||| |||| 00| 0 eng d | ||
| 082 | _aJ701x42 Un3 | ||
| 245 |
_aTown and country planning, England and wales _cby Her Majesty's |
||
| 260 |
_aLondon _bHer Majesty's _c1969 |
||
| 300 | _a18p. | ||
| 650 | _aCities and towns --Great Britain. | ||
| 650 | _aCity planning | ||
| 700 | _aU.K. Her Majesty's | ||
| 999 |
_c416276 _d416276 |
||